000 00634cam a22002413a 4500
001 24057
003 PGUSA
005 20140828083520.0
008 071228s2007||||xxu|||||s|||||000 | eng d
040 _aPGUSA
_beng
042 _adc
050 4 _aBS
245 1 0 _aLa Libro Ruth
_h[electronic resource]
260 _bProject Gutenberg,
_c2007
506 _aPublic domain in the USA.
516 _aElectronic text
653 _aBible. Ruth. Esperanto
700 1 _aNeumark, E.
740 0 _aBible. O.T. Ruth. Esperanto.
830 0 _aProject Gutenberg
_v24057
856 4 0 _uhttp://www.gutenberg.org/ebooks/24057
942 _cEB
999 _c253312
_d253312